| 000 | 01415nam0a2200325 i 4500 | ||
|---|---|---|---|
| 001 | RU\NLR\BIBL_A\010722465 | ||
| 005 | 20240921202931.0 | ||
| 010 |
_a9785778225954 _9100 |
||
| 021 |
_aRU _b15-12979 |
||
| 035 | _a(NILC)RuMoRGB-007880196 | ||
| 035 | _a(NLR Aleph) 010722465 | ||
| 090 |
_a9828251 _c9828251 |
||
| 100 | _a20150409d2014 um y0rusy50 ca | ||
| 101 | 0 | _arus | |
| 102 | _aRU | ||
| 105 | _aa|||j|||000yy | ||
| 200 | 1 |
_aТехнологии доступа к базам данных _eучебное пособие _fВ. М. Стасышин, Т. Л. Стасышина _gМ-во образования и науки Российской Федерации, Новосибирский гос. технический ун-т |
|
| 210 |
_aНовосибирск _cИзд-во НГТУ _d2014 |
||
| 215 |
_a174 с. _cил., табл. _d20 |
||
| 320 | _aБиблиогр.: с. 169 (16 назв.) | ||
| 606 | 1 |
_aБазы данных _jУчебные издания _xДоступ _92114782 _3RU\NLR\AUTH\661277688 |
|
| 686 | 1 | _aЗ973.233-018.2я7-1 | |
| 700 | 1 |
_aСтасышин _bВ. М. _f1954- _gВладимир Михайлович |
|
| 701 | 1 |
_aСтасышина _bТ. Л. _gТатьяна Леонидовна |
|
| 801 | 0 |
_aRU _bРГБ _c20150304 _gRCR |
|
| 801 | 1 |
_aRU _bРГБ _c20150304 _2rusmarc |
|
| 942 | _cBOOK | ||
| 980 | _aNBR | ||